Landkreise mit Kreissitz und Kfz-Kennzeichen Baden-Württemberg - Statistiken

Allgemein
  • Dieses Quiz wurde 29 mal gespielt
  • Das Durchschnittsergebnis liegt bei 59 aus 126
Antwortstatistiken
Antworten % Korrekt
FR
100%
FR, MÜL, NEU
100%
S
88%
KA
83%
KA, BR
83%
79%
MA
75%
UL
75%
ES, NT
71%
HD
71%
HD, SNH
71%
PF
71%
BAD
67%
BB, LEO
67%
KN, STO (BÜS)
67%
KÜN, ÖHR
67%
LB, VAI
67%
Böblingen
63%
CW
63%
HN
63%
Karlsruhe
63%
Konstanz
63%
RA, BH
63%
AA, GD
58%
Calw
58%
Freudenstadt
58%
Friedrichshafen
58%
Heidelberg
58%
Heilbronn
58%
58%
Ludwigsburg
58%
Pforzheim
58%
Reutlingen
58%
RT
58%
Tübingen
58%
TUT
58%
Balingen
54%
BC
54%
EM
54%
FN, TT, ÜB
54%
GP
54%
Offenburg
54%
Ravensburg
54%
RV, SLG, ÜB, WG
54%
RW
54%
Schwäbisch Hall
54%
SIG, SLG, STO, ÜB
54%
Ulm
54%
VS, DS
54%
WN, BK
54%
BL, HCH
50%
Emmendingen
50%
FDS, HCH, HOR, WOL
50%
Göppingen
50%
Lörrach
50%
OG, BH, KEL, LR, WOL
50%
Tuttlingen
50%
Villingen-Schwenningen
50%
Waiblingen
50%
Aalen
46%
Bodenseekreis
46%
Ortenaukreis
46%
Rastatt
46%
Rottweil
46%
WT, SÄK
46%
Zollernalbkreis
46%
HDH
42%
Künzelsau
42%
MOS, BCH
42%
Ostalbkreis
42%
Rems-Murr-Kreis
42%
Schwarzwald-Baar-Kreis
42%
Sigmaringen
42%
Tauberbischofsheim
42%
Waldshut-Tiengen
42%
Alb-Donau-Kreis
38%
Enzkreis
38%
Neckar-Odenwald-Kreis
38%
SHA, BK, CR
38%
Biberach an der Riß
33%
Esslingen am Neckar
33%
Hohenlohekreis
33%
Landkreis Breisgau-Hochschwarzwald
33%
Landkreis Calw
33%
Landkreis Emmendingen
33%
Landkreis Freudenstadt
33%
Landkreis Karlsruhe
33%
Landkreis Konstanz
33%
Landkreis Lörrach
33%
Landkreis Rastatt
33%
Landkreis Rottweil
33%
Landkreis Waldshut
33%
Mosbach
33%
Rhein-Neckar-Kreis
33%
TBB, MGH
33%
Freiburg im Breisgau
29%
Heidenheim an der Brenz
29%
Landkreis Biberach
29%
Landkreis Böblingen
29%
Landkreis Esslingen
29%
Landkreis Göppingen
29%
Landkreis Ludwigsburg
29%
Landkreis Ravensburg
29%
Landkreis Reutlingen
29%
Landkreis Sigmaringen
29%
Landkreis Tübingen
29%
Landkreis Tuttlingen
29%
Main-Tauber-Kreis
29%
Landkreis Heilbronn
25%
Landkreis Schwäbisch Hall
25%
EHI
21%
Landkreis Heidenheim
21%
Stadtkreis Baden-Baden
21%
Stadtkreis Heidelberg
21%
Stadtkreis Karlsruhe
21%
Stadtkreis Mannheim
21%
Stadtkreis Pforzheim
21%
Stadtkreis Stuttgart
21%
MÜN
17%
Stadtkreis Freiburg im Breisgau
17%
Stadtkreis Heilbronn
17%
Stadtkreis Ulm
17%
VL
17%
Keine übereinstimmenden Quizze gefunden
Verteilung der Resultate
Anzahl Personen mit jedem Resultat
Perzentil nach korrekt beantworteten Fragen
Ihre Resultats-Entwicklung
Sie haben dieses Quiz noch nicht gespielt